Strategic considerations for developing countries: the case of gats and health services /
Guardado en:
| Hovedforfatter: | |
|---|---|
| Andre forfattere: | , |
| Format: | Texto |
| Tags: |
Tilføj Tag
Ingen Tags, Vær først til at tagge denne postø!
|
MARC
| LEADER | 00000 a a2200000 04500 | ||
|---|---|---|---|
| 001 | 48037 | ||
| 003 | |||
| 040 | |||
| 100 | |a Mashayekhi, Mina | ||
| 245 | |a Strategic considerations for developing countries: |b the case of gats and health services / |c Mina Mashayekhi, Martine Julsaint, Elisabeth Tuerk | ||
| 700 | |a Julsaint, Martine | ||
| 700 | |a Tuerk, Elisabeth | ||
| 773 | |g páginas 17-81 | ||
| 999 | |c 19838 |d 19838 | ||
